[Event "IsBank TCh-TUR"]
[Site "Konya TUR"]
[Date "2010.06.30"]
[Round "2"]
[White "Kerigan,D"]
[Black "Yilmazyerli,M"]
[Result "0-1"]
[WhiteElo "2126"]
[BlackElo "2295"]
[EventDate "2010.06.29"]

1. e4 e5 2. Nf3 Nc6 3. d4 exd4 4. Nxd4 Bc5 5. Nb3 Bb6 6. Nc3 Nf6 7. Qe2 d6
8. Bg5 h6 9. Bh4 Be6 10. O-O-O O-O 11. h3 Re8 12. f4 Qe7 13. Qf3 Rad8 14.
g4 g5 15. fxg5 Nh7 16. Bd3 Ne5 17. Qe2 hxg5 18. Bg3 Nf8 19. Rdf1 Nfg6 20.
Rf5 Kg7 21. Qd2 f6 22. Rhf1 Rf8 23. Qh2 Rf7 24. Nd2 Rh8 25. Qg2 c6 26. Nf3
Bxf5 27. gxf5 Nf8 28. Nxe5 dxe5 29. Bc4 Nd7 30. Bxf7 Kxf7 31. Rh1 Qc5 32.
Nd1 Qc4 33. Kb1 Nc5 34. Nf2 Qe2 35. Rd1 a5 36. Rd6 Ke7 37. Rd1 Rd8 38. Rxd8
Kxd8 39. Qh1 Kc7 40. a3 Qe3 41. Qg2 Qe1+ 42. Ka2 Qe2 43. Kb1 Nd3 0-1

[Event "IsBank TCh-TUR"]
[Site "Konya TUR"]
[Date "2010.06.30"]
[Round "2"]
[White "Ozturk,Ku"]
[Black "Zdebskaja,N"]
[Result "1/2-1/2"]
[WhiteElo "2273"]
[BlackElo "2383"]
[EventDate "2010.06.29"]

1. d4 Nf6 2. c4 e6 3. Nf3 d5 4. Nc3 dxc4 5. e3 a6 6. a4 c5 7. Bxc4 Nc6 8.
O-O Be7 9. Qe2 cxd4 10. Rd1 e5 11. exd4 exd4 12. Nxd4 Nxd4 13. Qe5 Qd6 14.
Qxd4 Qxd4 15. Rxd4 Bc5 16. Rd1 O-O 17. h3 Be6 18. Bxe6 fxe6 19. Be3 Bxe3
20. fxe3 Rfd8 21. Kf2 Kf7 22. Ke2 Ke7 23. a5 Rac8 24. Rxd8 Kxd8 25. Rd1+
Ke7 26. Rd4 Ne8 27. Kd3 Nd6 28. Ne4 Nf7 29. b4 Ne5+ 30. Kd2 Nc4+ 31. Ke2
Ne5 32. Nc5 Rc7 33. Re4 Kd6 34. Rd4+ Ke7 35. Re4 Kd6 36. Rd4+ Ke7 37. Re4
1/2-1/2

[Event "IsBank TCh-TUR"]
[Site "Konya TUR"]
[Date "2010.06.30"]
[Round "2"]
[White "Kayabolen,A"]
[Black "Apaydin,F"]
[Result "0-1"]
[WhiteElo "1920"]
[BlackElo "2179"]
[EventDate "2010.06.29"]

1. e4 c5 2. Nf3 e6 3. d4 cxd4 4. Nxd4 a6 5. c4 Nf6 6. Nc3 Qc7 7. Be2 d6 8.
O-O Be7 9. Be3 Nbd7 10. f4 b6 11. Qc2 Bb7 12. b3 Rc8 13. Rac1 O-O 14. f5 e5
15. Nf3 Ng4 16. Nd1 d5 17. exd5 e4 18. Qxe4 Nxe3 19. Qxe7 Rfe8 20. Qg5 Nxf1
21. Kxf1 Bxd5 22. h4 Nf6 23. Ne3 h6 24. Nxd5 Nxd5 25. Qd2 Ne3+ 26. Kg1 Rcd8
27. Bd3 Qg3 28. Ne1 Ng4 29. Nf3 Re3 30. f6 Rxf3 0-1

[Event "IsBank TCh-TUR"]
[Site "Konya TUR"]
[Date "2010.06.30"]
[Round "2"]
[White "Simsek,M"]
[Black "Esen,B"]
[Result "0-1"]
[WhiteElo "1750"]
[BlackElo "2521"]
[EventDate "2010.06.29"]

1. d4 Nf6 2. c4 e6 3. Nf3 d5 4. Nc3 Bb4 5. e3 O-O 6. a3 Bxc3+ 7. bxc3 c5 8.
a4 b6 9. Ba3 Qc7 10. Qb3 Ba6 11. Ne5 Rd8 12. a5 Nbd7 13. Nxd7 Rxd7 14. axb6
axb6 15. Rb1 Qc8 16. cxd5 exd5 17. Bxa6 Qxa6 18. Bc1 Qd3 19. f3 c4 20. Qxb6
Qxc3+ 21. Bd2 Qd3 22. Ba5 Qxe3+ 23. Kd1 h6 24. Re1 Qd3+ 25. Kc1 Qa3+ 26.
Kd1 Qxa5 27. Qc6 Qa4+ 0-1

[Event "IsBank TCh-TUR"]
[Site "Konya TUR"]
[Date "2010.06.30"]
[Round "2"]
[White "Yildiz,B"]
[Black "Guramishvili,S"]
[Result "1/2-1/2"]
[WhiteElo "2229"]
[BlackElo "2289"]
[EventDate "2010.06.29"]

1. e4 c5 2. Nf3 Nf6 3. e5 Nd5 4. c3 e6 5. d4 cxd4 6. cxd4 Nc6 7. Bc4 d6 8.
O-O Be7 9. Qe2 O-O 10. Qe4 Ndb4 11. exd6 Qxd6 12. Bf4 Qd8 13. Nc3 Na5 14.
Be2 Nd5 15. Nxd5 exd5 16. Qc2 Nc6 17. Rfd1 Be6 18. Qb3 Na5 19. Qa4 Qb6 20.
Qb5 Qxb5 21. Bxb5 Rfc8 22. Rac1 a6 23. Be2 Rxc1 24. Rxc1 Nc6 25. Be3 Bf6
26. Rc5 h6 27. h3 Kf8 28. a3 Ke7 29. Bd1 Kd7 30. Ba4 b5 31. Bb3 1/2-1/2

[Event "IsBank TCh-TUR"]
[Site "Konya TUR"]
[Date "2010.06.30"]
[Round "2"]
[White "Yuksel,A"]
[Black "Soysal,I"]
[Result "1-0"]
[WhiteElo "1975"]
[BlackElo "1676"]
[EventDate "2010.06.29"]

1. e4 d5 2. exd5 Nf6 3. c4 c6 4. d4 cxd5 5. Nc3 e6 6. Bg5 Bb4 7. Rc1 h6 8.
Bh4 Nbd7 9. Bxf6 Qxf6 10. Nf3 O-O 11. Be2 dxc4 12. Bxc4 Nb6 13. Bd3 Nd5 14.
O-O Nf4 15. Be4 Bxc3 16. Rxc3 Rd8 17. Qc2 Nd5 18. Bxd5 exd5 19. Rc7 Bf5 20.
Qb3 b6 21. Ne5 Be6 22. Qa4 a6 23. Re1 b5 24. Qa5 Re8 25. Rc6 Qf4 26. Rxa6
Rxa6 27. Qxa6 Qd2 28. Nf3 Qxb2 29. h3 Kh7 30. h4 Bc8 31. Qc6 Rxe1+ 32. Nxe1
Qa1 33. Qc2+ g6 34. Qd2 Bf5 35. Kh2 Bb1 36. Qf4 Bf5 37. Qd2 Bb1 38. Qb4
Qxa2 39. Qf8 Qxf2 40. Nf3 Be4 41. Qxf7+ Kh8 42. Qf8+ Kh7 43. Ng5+ 1-0

[Event "IsBank TCh-TUR"]
[Site "Konya TUR"]
[Date "2010.06.30"]
[Round "2"]
[White "Haznedaroglu,K"]
[Black "Ozen,A"]
[Result "1-0"]
[WhiteElo "2501"]
[BlackElo "1683"]
[EventDate "2010.06.29"]

1. d4 d5 2. c4 e5 3. dxe5 d4 4. a3 Nc6 5. e3 Nge7 6. Nf3 Bg4 7. Be2 dxe3 8.
Bxe3 Qxd1+ 9. Bxd1 Ng6 10. h3 Be6 11. Ba4 Bxc4 12. Bxc6+ bxc6 13. Nc3 a5
14. O-O-O Be7 15. Rhe1 O-O 16. Rd7 Rfc8 17. Nd4 Bc5 18. Nxc6 Bxe3+ 19. Rxe3
Be6 20. Rd2 Ra6 21. Nd4 Ne7 22. f4 h5 23. Nxe6 fxe6 24. Rd7 Kf8 25. g4 Rc6
26. Rf3 g6 27. Kb1 Ke8 28. Rd2 h4 29. Ne4 Nd5 30. Ng5 Ne7 31. Rfd3 Rb8 32.
Ka2 Rc4 33. Nxe6 Kf7 34. Ng5+ Ke8 35. Rd4 Rc1 36. Ne4 Rh1 37. e6 Kf8 38.
Rd8+ Rxd8 39. Rxd8+ Kg7 40. Rd7 Kf8 41. f5 Nxf5 42. Rf7+ 1-0

[Event "IsBank TCh-TUR"]
[Site "Konya TUR"]
[Date "2010.06.30"]
[Round "2"]
[White "Bal,Sevgican"]
[Black "Menzi,N"]
[Result "1/2-1/2"]
[WhiteElo "1609"]
[BlackElo "1851"]
[EventDate "2010.06.29"]

1. d4 Nf6 2. Nf3 g6 3. Bg5 Bg7 4. Nbd2 O-O 5. e4 d6 6. c3 Nbd7 7. Bc4 e5 8.
O-O c6 9. Bb3 Qc7 10. a4 h6 11. Bh4 Re8 12. dxe5 dxe5 13. Bc2 Nc5 14. Qe2
Ne6 15. Bg3 Nh5 16. Nc4 Nef4 17. Qe3 Be6 18. Na3 b6 19. Rfd1 Rad8 20. b4
Rxd1+ 21. Rxd1 Rd8 22. Rxd8+ Qxd8 23. Bxf4 exf4 24. Qe1 Bg4 25. Bd1 Qd3 26.
e5 Bxe5 27. Nxe5 Qxd1 28. Qxd1 Bxd1 29. Nxc6 Bxa4 30. Nxa7 Nf6 31. Nc4 Nd5
32. Nb2 Nxc3 33. Nd3 Nd5 34. Nc8 Bc2 35. Ne5 Nxb4 36. Nxb6 Nd3 37. Nxd3
Bxd3 38. Nd5 g5 39. h4 Kg7 40. Kh2 Be4 41. Nc3 Bc6 42. hxg5 hxg5 43. Ne2
Kg6 44. Nd4 Bd5 45. Nb5 g4 46. Nc3 Bc6 47. Ne2 Kg5 48. Nd4 Bd5 49. Ne2 f5
50. Kg1 Bc4 51. Nd4 Kf6 52. f3 Ke5 53. Nc6+ Kd6 54. Nd4 Bd3 55. Kf2 g3+ 56.
Kg1 Kd5 57. Nb3 Kc4 1/2-1/2

[Event "IsBank TCh-TUR"]
[Site "Konya TUR"]
[Date "2010.06.30"]
[Round "2"]
[White "Tulay,B"]
[Black "Deruni,B"]
[Result "0-1"]
[WhiteElo "2163"]
[BlackElo "2107"]
[EventDate "2010.06.29"]

1. e4 c5 2. Nc3 Nc6 3. f4 g6 4. Nf3 Bg7 5. Bc4 e6 6. d3 Nge7 7. e5 d5 8.
exd6 Nf5 9. Ne4 Nxd6 10. Nxd6+ Qxd6 11. O-O O-O 12. Qe1 Nd4 13. Nxd4 Bxd4+
14. Kh1 b6 15. c3 Bg7 16. Qf2 Bb7 17. Be3 Rfd8 18. Rfd1 Qc6 19. a4 a6 20.
Bb3 Rac8 21. Rd2 Qc7 22. Bd1 Bd5 23. Be2 Rd7 24. Bf1 Bb7 25. d4 c4 26. d5
Rxd5 27. Rxd5 Bxd5 28. Bxb6 Qb7 29. a5 Qc6 30. Rd1 Qa4 31. Qd2 Qb3 32. Re1
Bf6 33. Kg1 Qb5 34. g3 Qc6 35. Bg2 Bd8 36. Bxd8 Rxd8 37. Qd4 Qb5 38. f5
gxf5 39. Qf6 Qxa5 40. Qg5+ Kf8 41. Qh6+ Ke8 42. Qe3 Bxg2 43. Kxg2 Qd5+ 44.
Kg1 Qd2 45. Qe2 Qxe2 46. Rxe2 Rd5 47. Kf2 Ke7 48. Ke1 e5 49. g4 fxg4 50.
Re4 Rc5 51. Rxg4 Rc6 52. Rh4 h6 53. Rh5 Re6 54. Ke2 Kd6 55. Rf5 f6 56. Rh5
Kd5 57. Rxh6 f5 58. Rh8 Rb6 59. Rd8+ Ke4 60. Rd2 a5 61. Ke1 f4 62. h4 Kf3
63. Rd5 e4 64. Rxa5 0-1

[Event "IsBank TCh-TUR"]
[Site "Konya TUR"]
[Date "2010.06.30"]
[Round "2"]
[White "Gelashvili,T"]
[Black "Yeke,S"]
[Result "1-0"]
[WhiteElo "2614"]
[BlackElo "2321"]
[EventDate "2010.06.29"]

1. Nf3 Nf6 2. e3 g6 3. b4 Bg7 4. Bb2 O-O 5. Be2 a5 6. b5 c5 7. c4 d6 8. O-O
e5 9. d3 b6 10. Nc3 Bb7 11. Nd2 d5 12. cxd5 Nxd5 13. Na4 Nd7 14. Nc4 Rb8
15. Bf3 Qe7 16. Qb3 Rfd8 17. Nxa5 bxa5 18. Bxd5 Bxd5 19. Qxd5 Rxb5 20. Ba3
Rbb8 21. Rab1 Qe8 22. Rxb8 Nxb8 23. Qc4 e4 24. dxe4 Nc6 25. Nxc5 Rd2 26.
Bc1 Ne5 27. Qb3 Re2 28. h3 g5 29. Rd1 a4 30. Nxa4 Qc8 31. Nc3 Nf3+ 32. gxf3
Bxc3 33. Kf1 1-0

[Event "IsBank TCh-TUR"]
[Site "Konya TUR"]
[Date "2010.06.30"]
[Round "2"]
[White "Ersoz,B"]
[Black "Buyukasik,D"]
[Result "1/2-1/2"]
[WhiteElo "1764"]
[BlackElo "2034"]
[EventDate "2010.06.29"]

1. e4 c5 2. d4 cxd4 3. c3 g6 4. cxd4 Bg7 5. Nf3 d5 6. e5 Nh6 7. Nc3 O-O 8.
Be2 Nc6 9. Bg5 Nf5 10. O-O a6 11. Qd2 h6 12. Be3 Be6 13. Rac1 Qa5 14. a3
Nxe3 15. fxe3 Qd8 16. Na4 Qa5 17. Nc3 Qd8 18. Na4 Na5 19. Nc5 Bc8 20. b4
Nc6 21. h3 Nb8 22. Nd3 g5 23. Nh2 Nc6 24. Bh5 f6 25. exf6 exf6 26. Nc5 Qe7
27. Rce1 b6 28. Nd3 f5 29. Bf3 Be6 30. Rc1 Na7 31. Ne5 Qd6 32. Nd3 Rac8 33.
Be2 Rce8 34. Nf3 Nc6 35. Nde5 Nb8 36. Ng6 Rf6 37. Nge5 Ref8 38. Qd3 Rd8 39.
Qd2 Rff8 40. Ng6 Rf6 41. Nge5 Bc8 42. Nd3 Be6 43. Nde5 Rdf8 44. Qd3 Bh8 45.
Qc2 Rc8 46. Qd2 Rxc1 47. Rxc1 Bg7 48. Rf1 g4 49. hxg4 fxg4 50. Nh2 Rxf1+
51. Kxf1 h5 52. Qc3 Nd7 53. Nxd7 Bxd7 54. Kg1 b5 55. Nf1 Qf6 56. Qc7 Qe7
57. Bd3 Bh6 58. Qb8+ Kg7 59. Qg3 Bg5 60. Qf2 a5 61. Qe1 axb4 62. axb4 Bc6
63. Bb1 Qd6 64. Ng3 Qe6 65. Nf5+ Kh8 66. Kf2 Qf6 67. Ke2 Bd7 68. Qf2 Qf8
69. Ng3 Qxb4 70. Bf5 Qb2+ 71. Ke1 Qc1+ 72. Ke2 Qb2+ 73. Ke1 Qa1+ 74. Ke2
Qa2+ 75. Ke1 Qa1+ 76. Ke2 Be8 77. Bc2 Qa3 78. Nf1 Qe7 79. Qf5 Bc6 80. Qg6
Be8 81. Qf5 Bc6 82. Qg6 Be8 1/2-1/2

[Event "IsBank TCh-TUR"]
[Site "Konya TUR"]
[Date "2010.06.30"]
[Round "2"]
[White "Dogan,N"]
[Black "Kinsiz,O"]
[Result "1-0"]
[WhiteElo "2097"]
[BlackElo "2219"]
[EventDate "2010.06.29"]

1. d4 Nf6 2. c4 e6 3. Nc3 Bb4 4. Qc2 c5 5. dxc5 Na6 6. a3 Bxc3+ 7. Qxc3
Nxc5 8. b4 Nce4 9. Qd4 d5 10. c5 h6 11. f3 Ng5 12. h4 Ngh7 13. Nh3 O-O 14.
g4 Re8 15. Bf4 Nd7 16. Bg3 Nhf6 17. g5 e5 18. Qd2 Nh5 19. Bf2 Nf8 20. O-O-O
Be6 21. e3 a5 22. gxh6 g6 23. Ng5 axb4 24. axb4 Qd7 25. Nxe6 Nxe6 26. Bc4
Qa4 27. Bxd5 Red8 28. Qb2 Nc7 29. Bb3 Qc6 30. Qxe5 Re8 31. Qd6 Qxf3 32.
Qxg6+ Kf8 33. Qd6+ Re7 34. h7 1-0

[Event "IsBank TCh-TUR"]
[Site "Konya TUR"]
[Date "2010.06.30"]
[Round "2"]
[White "Topel,Z"]
[Black "Tsatsalashvili,K"]
[Result "1/2-1/2"]
[WhiteElo "2226"]
[BlackElo "2257"]
[EventDate "2010.06.29"]

1. d4 Nf6 2. c4 e6 3. Nc3 Bb4 4. Bd2 O-O 5. Qc2 d5 6. e3 c5 7. Nf3 cxd4 8.
exd4 Nc6 9. a3 Be7 10. cxd5 exd5 11. h3 Re8 12. Be2 Ne4 13. O-O Bf6 14. Be3
Bf5 15. Qa4 a6 16. Rac1 Qd7 17. Bd1 Nxc3 18. Rxc3 Be4 19. b4 Rac8 20. b5
Nb8 21. Rxc8 Rxc8 22. bxa6 bxa6 23. Qxd7 Nxd7 24. Be2 a5 25. Nd2 Bf5 26.
Bb5 Rc3 27. g4 Be6 28. Rb1 h6 29. Nb3 Be7 30. Nxa5 Bxa3 1/2-1/2

[Event "IsBank TCh-TUR"]
[Site "Konya TUR"]
[Date "2010.06.30"]
[Round "2"]
[White "Tulay,S"]
[Black "Asan,E"]
[Result "0-1"]
[WhiteElo "1788"]
[BlackElo "1796"]
[EventDate "2010.06.29"]

1. e4 e5 2. Nf3 Nc6 3. Bb5 a6 4. Ba4 Nf6 5. O-O b5 6. Bb3 Be7 7. Re1 d6 8.
c3 Na5 9. Bc2 c5 10. h3 O-O 11. d4 Qc7 12. Nbd2 Re8 13. d5 g6 14. Nf1 Nh5
15. N3h2 Bf8 16. Qf3 Bg7 17. Ng4 Rf8 18. Nh6+ Kh8 19. Nf5 Nf6 20. Nxg7 Kxg7
21. Qe3 Ng8 22. h4 f5 23. exf5 Bxf5 24. Bxf5 Rxf5 25. Ng3 Rf7 26. h5 Nc4
27. Qg5 Qe7 28. Qg4 Nf6 29. Qd1 Qb7 30. hxg6 hxg6 31. Ne4 Qxd5 32. Qxd5
Nxd5 33. b3 Ncb6 34. Nxd6 Rd7 35. Ne4 c4 36. b4 Na4 37. Nc5 Nxc5 38. bxc5
Kf6 39. Bb2 Rc8 40. a4 Rxc5 41. axb5 axb5 42. Ra6+ Kf5 43. Rd1 Rcc7 44. f3
Nf4 45. g4+ Kg5 46. Rdd6 Rxd6 47. Rxd6 Nd3 48. Ba3 Ra7 49. Bb4 Nxb4 50.
cxb4 Ra4 51. Rd5 Ra7 52. Rd6 Ra4 53. Rd5 Rxb4 54. Rxe5+ Kf4 55. Re6 c3 56.
Rf6+ Ke5 0-1

[Event "IsBank TCh-TUR"]
[Site "Konya TUR"]
[Date "2010.06.30"]
[Round "2"]
[White "Asikuzun,B"]
[Black "Uzun,S"]
[Result "1/2-1/2"]
[WhiteElo "1836"]
[BlackElo "1966"]
[EventDate "2010.06.29"]

1. e4 c5 2. Nf3 d6 3. d4 cxd4 4. Nxd4 Nf6 5. Nc3 a6 6. Be2 e5 7. Nb3 Be6 8.
O-O Be7 9. f4 exf4 10. Bxf4 Nc6 11. Kh1 d5 12. exd5 Nxd5 13. Nxd5 Qxd5 14.
Bf3 Qc4 15. Nd2 Qd5 16. Nb3 Qc4 17. Nd2 Qb4 18. a3 Qb6 19. Qe2 Rc8 20. Rab1
O-O 21. c4 Qa5 22. Be3 Qe5 23. b4 Rfd8 24. Rfe1 Qc3 25. Rb3 Qc2 26. Be4
Rxd2 27. Bxc2 Rxe2 28. Rxe2 Bxc4 29. Rf2 Bxb3 30. Bxb3 1/2-1/2

[Event "IsBank TCh-TUR"]
[Site "Konya TUR"]
[Date "2010.06.30"]
[Round "2"]
[White "Gvetadze,Sopi"]
[Black "Atalik,E"]
[Result "1-0"]
[WhiteElo "2363"]
[BlackElo "2444"]
[EventDate "2010.06.29"]

1. e4 e5 2. Nf3 Nc6 3. d4 exd4 4. Nxd4 Nf6 5. Nxc6 bxc6 6. e5 Qe7 7. Qe2
Nd5 8. c4 Nb6 9. b3 Qe6 10. Bb2 a5 11. Nd2 a4 12. g3 Bb4 13. f4 a3 14. Bd4
c5 15. Be3 Bb7 16. Bg2 Bxg2 17. Qxg2 O-O 18. O-O f6 19. Ne4 fxe5 20. Nxc5
Qe7 21. Nd3 exf4 22. Bxb6 cxb6 23. Nxf4 Bc5+ 24. Kh1 Rae8 25. Rad1 Qe4 26.
Qxe4 Rxe4 27. Rfe1 Rxe1+ 28. Rxe1 g5 29. Nd3 Rf3 30. Nxc5 bxc5 31. Re8+ Rf8
32. Re5 Rf2 33. Rxg5+ Kf7 34. Rxc5 Rxa2 35. Ra5 Ke6 36. Kg1 Kd6 37. h4 h5
38. b4 Kc6 39. Kf1 Ra1+ 40. Kg2 a2 41. Kh2 d6 42. Ra6+ Kb7 43. b5 Kc7 44.
g4 Rc1 45. Rxa2 Rxc4 46. Rg2 hxg4 47. Kg3 Rb4 48. h5 Rxb5 49. h6 Kd7 50. h7
Rb8 51. Kxg4 Rh8 52. Rh2 d5 53. Kf5 d4 54. Kg6 Ke6 55. Rh3 d3 56. Re3+ 1-0

[Event "IsBank TCh-TUR"]
[Site "Konya TUR"]
[Date "2010.06.30"]
[Round "2"]
[White "Korkmaz,N"]
[Black "Pantsulaia,L"]
[Result "0-1"]
[WhiteElo "2199"]
[BlackElo "2587"]
[EventDate "2010.06.29"]

1. e4 c5 2. Nf3 e6 3. d4 cxd4 4. Nxd4 a6 5. c4 Nf6 6. Nc3 Qc7 7. Bd3 Nc6 8.
Nxc6 dxc6 9. O-O e5 10. h3 Bc5 11. Qe2 Be6 12. Be3 Nd7 13. Na4 Bxe3 14.
Qxe3 Qa5 15. b3 O-O 16. a3 Rfd8 17. Bc2 b5 18. cxb5 cxb5 19. Nb2 Rac8 20.
b4 Qb6 21. Qxb6 Nxb6 22. Rfd1 Rd4 23. Bd3 Rc3 24. Bf1 Rxd1 25. Rxd1 Kf8 26.
Rd6 Na4 27. Nd3 Rxa3 28. Nxe5 Nc3 29. Nc6 g5 30. Bd3 Kg7 31. e5 Nd5 32. Be4
Nf4 33. Nd4 Ra4 34. g3 Nxh3+ 35. Kg2 g4 36. Nxe6+ fxe6 37. Rd7+ Kf8 38. Bc6
Ng5 39. Rd4 h5 40. Rd8+ Kg7 41. Be8 Rxb4 42. Bxh5 a5 43. Bxg4 Rxg4 44. f4
a4 45. Rb8 Ne4 46. Kf3 Rxg3+ 47. Kxe4 Rb3 48. Rb7+ Kf8 49. Kd4 a3 50. Kc5
b4 51. Ra7 Rb1 52. Kd6 b3 53. Rxa3 Rd1+ 54. Kxe6 b2 55. Kf6 Ke8 56. Ra8+
Rd8 57. Ra7 b1=Q 58. Re7+ Kf8 59. f5 0-1

[Event "IsBank TCh-TUR"]
[Site "Konya TUR"]
[Date "2010.06.30"]
[Round "2"]
[White "Olcum,A"]
[Black "Ozen,B"]
[Result "1-0"]
[WhiteElo "1949"]
[BlackElo "2078"]
[EventDate "2010.06.29"]

1. e4 e5 2. Nf3 Nc6 3. d4 exd4 4. Bc4 Bc5 5. O-O d6 6. c3 Bg4 7. Qb3 Na5 8.
Bxf7+ Kf8 9. Qa4 Bxf3 10. gxf3 Kxf7 11. Qxa5 Nf6 12. cxd4 Bxd4 13. Nc3 Bb6
14. Qg5 Rf8 15. Kh1 Kg8 16. Rg1 Qe7 17. Be3 Qf7 18. f4 Rae8 19. Bxb6 axb6
20. f3 Re7 21. Rg2 c6 22. Rag1 Kh8 23. Ne2 Qh5 24. Nd4 Rff7 25. Nf5 Rd7 26.
e5 Qxf3 27. exf6 Rxf6 28. Nxg7 Rg6 29. Qh5 Qe4 30. Qf5 Qxf5 31. Nxf5 Rxg2
32. Kxg2 d5 33. Kf3 Rf7 34. Nh6 Rf8 35. f5 c5 36. Kf4 c4 37. Ke5 c3 38.
bxc3 b5 39. f6 b4 40. f7 bxc3 41. Rg8+ 1-0

[Event "IsBank TCh-TUR"]
[Site "Konya TUR"]
[Date "2010.06.30"]
[Round "2"]
[White "Firat,Deniz"]
[Black "Sanal,S"]
[Result "1-0"]
[WhiteElo "1621"]
[BlackElo "1713"]
[EventDate "2010.06.29"]

1. d4 d5 2. c4 e6 3. Nf3 Nf6 4. Nc3 Nbd7 5. Bg5 Be7 6. e3 O-O 7. Bd3 b6 8.
O-O Bb7 9. Qe2 Ne4 10. Bxe7 Qxe7 11. Bxe4 dxe4 12. Nd2 f5 13. a3 c5 14. f4
Rfd8 15. Nb3 Ba6 16. Rac1 Rac8 17. Na4 cxd4 18. Nxd4 Nc5 19. Nxc5 Rxc5 20.
b3 g6 21. Rfd1 Rdc8 22. Qd2 Kf7 23. Nc2 R5c7 24. Qd6 Rc6 25. Qxe7+ Kxe7 26.
Nb4 Bb5 27. Nxc6+ Bxc6 28. Rd4 Rd8 29. Rcd1 Rd7 30. Rxd7+ Bxd7 31. Rd4 Kd8
32. Kf2 Kc7 33. Ke2 b5 34. Kd2 h6 35. Kc3 g5 36. g3 bxc4 37. Rxc4+ Kb7 38.
Rd4 Kc7 39. Kb4 Bc6 40. Kc5 a5 41. Rd6 Bd5 42. Rxd5 exd5 43. Kxd5 1-0

[Event "IsBank TCh-TUR"]
[Site "Konya TUR"]
[Date "2010.06.30"]
[Round "2"]
[White "Yigit,A"]
[Black "Ulusoy,Nisan"]
[Result "1-0"]
[WhiteElo "1734"]
[BlackElo "1613"]
[EventDate "2010.06.29"]

1. e4 e6 2. d4 d5 3. Nd2 Nf6 4. e5 Nfd7 5. Bd3 c5 6. c3 Nc6 7. Ne2 Qb6 8.
Nf3 cxd4 9. cxd4 f6 10. exf6 Bb4+ 11. Bd2 Nxf6 12. O-O O-O 13. a3 Bd6 14.
Bc3 Bd7 15. Ng3 Rac8 16. Qd2 Rfe8 17. Rae1 Kh8 18. Ne5 Re7 19. Bb1 Bxe5 20.
dxe5 Ne8 21. Qg5 Kg8 22. Bb4 Rf7 23. Nf5 exf5 24. e6 Bxe6 25. Rxe6 g6 26.
Rfe1 Ng7 27. Rd6 a5 28. Bc3 Qc5 29. Rf6 Rxf6 30. Bxf6 Qf8 31. Ba2 Qf7 32.
Rd1 Ne6 33. Qh4 Nc7 34. Bc3 Qd7 35. Qf6 Rf8 36. Qh8+ Kf7 37. Qxh7+ Ke8 38.
Qxg6+ Kd8 39. Bf6+ Kc8 40. Bb1 Ne7 41. Bxe7 Qxe7 42. Bxf5+ Kb8 43. Bd3 Rf6
44. Qg3 Re6 45. h3 Qf6 46. Rb1 Rb6 47. Rc1 Rc6 48. Rxc6 Qxc6 49. Qe3 Qf6
50. Qd2 Qb6 51. Bb1 d4 52. h4 Qf6 53. Qg5 Qd6 54. Qxa5 Ne6 55. Qd2 Nc5 56.
h5 Qf6 57. h6 Nb3 58. Qd3 Qxh6 59. Bc2 Nc5 60. Qxd4 Qc1+ 61. Qd1 Qf4 62.
Qd8+ Ka7 63. Qa5+ Na6 64. Qc3 Qc1+ 65. Kh2 Qf4+ 66. Qg3 Qc4 67. Bd3 Qc6 68.
Qe3+ Kb8 69. Qf3 Qh6+ 70. Qh3 Qf6 71. Qg3+ 1-0

[Event "IsBank TCh-TUR"]
[Site "Konya TUR"]
[Date "2010.06.30"]
[Round "2"]
[White "Demirel,T"]
[Black "Cebelli,O"]
[Result "1-0"]
[WhiteElo "2149"]
[BlackElo "2159"]
[EventDate "2010.06.29"]

1. d4 e6 2. c4 f5 3. g3 Nf6 4. Bg2 d5 5. Nf3 Be7 6. O-O O-O 7. b3 c6 8. Ba3
Bxa3 9. Nxa3 Nbd7 10. Nc2 Ne4 11. Nce1 b6 12. Nd3 Ba6 13. Rc1 Rc8 14. Nfe5
Nxe5 15. Nxe5 Nf6 16. Re1 Nd7 17. Nxd7 Qxd7 18. Qd2 Qd6 19. c5 Qc7 20. f3
e5 21. e4 fxe4 22. fxe4 dxe4 23. dxe5 Qxe5 24. Rxe4 Qf6 25. Rf4 Qe7 26.
Rxf8+ Qxf8 27. cxb6 axb6 28. Rxc6 Rd8 29. Qe1 Re8 30. Re6 Qc5+ 31. Kh1 Rxe6
32. Qxe6+ Kf8 33. h4 Bc8 34. Qc6 Qxc6 35. Bxc6 Be6 36. Be4 h6 37. Bc2 Ke7
38. a4 Kd6 39. b4 Ke5 40. Bd3 Kd4 41. Bf1 g5 42. hxg5 hxg5 43. a5 bxa5 44.
bxa5 Kc5 45. Kg1 Bd5 46. Kf2 Be4 47. Ke3 Bd5 48. Be2 Bg2 49. Bf3 Bf1 50.
Be2 Bg2 51. a6 Kb6 52. Kd4 Bh3 53. Ke5 Bc8 54. Bd3 Bd7 55. Kf6 g4 56. Ke5
Ba4 57. Be2 Bd7 58. Kf4 Bc8 59. Kg5 Ka7 60. Bd3 Kb6 61. Kf4 Ka7 62. Be2 Kb6
63. Ke5 Bd7 64. Bc4 Ba4 65. Bd3 Bd1 66. Ke4 Ba4 67. Kf4 Bd1 68. Ke3 Ba4 69.
Kf4 Bd1 70. Bf5 Kxa6 71. Bxg4 Bc2 72. Bc8+ Kb6 73. g4 Kc7 74. Bf5 Bd1 75.
g5 Kd6 76. g6 Ke7 77. Kg5 Bb3 78. Bg4 Bc4 79. Kh6 Kf6 80. Bh5 Bb3 81. Be2
Bc2 82. g7 Bb3 83. Kh7 Bd5 84. Kh8 Kg6 85. Bd3+ Kh6 86. Bh7 Bf7 87. Bg8 Bg6
88. Bb3 Bh7 89. Ba2 1-0

[Event "IsBank TCh-TUR"]
[Site "Konya TUR"]
[Date "2010.06.30"]
[Round "2"]
[White "Gagunashvili,M"]
[Black "Margvelashvili,G"]
[Result "1/2-1/2"]
[WhiteElo "2580"]
[BlackElo "2529"]
[EventDate "2010.06.29"]

1. d4 d5 2. c4 e6 3. Nc3 Be7 4. Nf3 Nf6 5. Bg5 h6 6. Bh4 O-O 7. e3 Ne4 8.
Bxe7 Qxe7 9. Rc1 c6 10. Bd3 Nxc3 11. Rxc3 Nd7 12. O-O e5 13. dxe5 dxc4 14.
Bxc4 Nxe5 15. Nxe5 Qxe5 16. Qb3 Qe7 17. Rd1 Bf5 18. Bd3 Be6 19. Bc4 Rad8
20. Rcd3 Rxd3 21. Qxd3 Bxc4 22. Qxc4 Rd8 23. Rd4 Rxd4 24. Qxd4 c5 25. Qd5
b6 26. h3 g6 27. a3 Kg7 28. Kf1 Qf6 29. Qd2 Qe6 30. Qc3+ Qf6 31. Qd2
1/2-1/2

[Event "IsBank TCh-TUR"]
[Site "Konya TUR"]
[Date "2010.06.30"]
[Round "2"]
[White "Arslan,Erda"]
[Black "Genc,C"]
[Result "0-1"]
[WhiteElo "2126"]
[BlackElo "2205"]
[EventDate "2010.06.29"]

1. d4 Nf6 2. c4 e6 3. Nf3 b6 4. g3 Bb7 5. Bg2 Be7 6. Nc3 O-O 7. O-O d6 8.
Qc2 c5 9. dxc5 bxc5 10. Rd1 Qb6 11. Bf4 Rd8 12. Rd2 Nbd7 13. Rad1 d5 14.
cxd5 exd5 15. Nh4 d4 16. Na4 Qa6 17. Bxb7 Qxb7 18. Nf5 Bf8 19. Bd6 Ne4 20.
Bxf8 Kxf8 21. Rd3 g6 22. Rb3 Qd5 23. Ne3 Qe6 24. Ng2 Qf5 25. Rf3 Qe5 26.
Rf4 Ng5 27. Rh4 Kg8 28. Rc1 Rac8 29. f4 Nf3+ 30. exf3 Qd5 31. b3 d3 32. Qd2
f5 33. Rd1 Nb6 34. Nc3 Qd4+ 35. Kf1 c4 36. Nb5 Qc5 37. Qa5 c3 38. Qxc3 Qxc3
39. Nxc3 Rxc3 40. Ne3 d2 41. Kf2 Rdd3 42. Nf1 Rxf3+ 43. Ke2 Rfd3 44. Rxd2
Rxd2+ 45. Kxd2 Rf3 46. Ke2 Rc3 47. Nd2 h5 48. Nf3 Kg7 49. h3 Nd5 50. Ne1
Rxg3 51. Nd3 Nc3+ 52. Kd2 Ne4+ 53. Ke2 Rg2+ 54. Ke3 Rxa2 55. Ne5 Ra3 56.
Ng4 Rxb3+ 57. Kd4 a5 58. Ne3 Ng3 59. Nd5 a4 60. Kc4 Rb8 0-1

[Event "IsBank TCh-TUR"]
[Site "Konya TUR"]
[Date "2010.06.30"]
[Round "2"]
[White "Ari,Z"]
[Black "Esen,N"]
[Result "1-0"]
[WhiteElo "2184"]
[BlackElo "1969"]
[EventDate "2010.06.29"]

1. d4 Nf6 2. c4 g6 3. Nc3 d5 4. Bg5 Ne4 5. cxd5 Nxc3 6. bxc3 Qxd5 7. Nf3
Bg4 8. Ne5 Be6 9. c4 Qd8 10. d5 Bg7 11. Nf3 Bd7 12. e4 O-O 13. Rb1 b6 14.
Bd3 c6 15. O-O f6 16. Be3 c5 17. h3 Qc7 18. Qd2 e6 19. Rbe1 Qd6 20. Bh6 e5
21. Nh2 g5 22. Bxg7 Kxg7 23. Be2 Kh8 24. Bg4 Bxg4 25. Nxg4 Na6 26. h4 Qd7
27. Ne3 Rg8 28. Nf5 g4 29. f4 gxf3 30. Rxf3 Raf8 31. Qh6 Rf7 32. Ree3 Rg6
33. Qh5 Nc7 34. Rg3 Rxg3 35. Rxg3 Ne8 36. Qg4 Rf8 37. h5 Qf7 38. d6 Qe6 39.
h6 a6 40. Qg7+ Nxg7 41. hxg7+ Kg8 1-0

[Event "IsBank TCh-TUR"]
[Site "Konya TUR"]
[Date "2010.06.30"]
[Round "2"]
[White "Yuksel,G"]
[Black "Yaramis,H"]
[Result "0-1"]
[WhiteElo "1825"]
[BlackElo "2103"]
[EventDate "2010.06.29"]

1. e4 c5 2. c3 d5 3. exd5 Qxd5 4. d4 Nf6 5. Nf3 Bg4 6. Be2 e6 7. h3 Bh5 8.
O-O Nc6 9. Be3 cxd4 10. cxd4 Be7 11. Nc3 Qd6 12. a3 O-O 13. Qa4 a6 14. Qc2
Rac8 15. Rfd1 Rfd8 16. Rac1 Nd5 17. Qd2 Nxc3 18. Rxc3 Bf6 19. g4 Bg6 20. g5
Be7 21. Nh2 Qd5 22. h4 Rd7 23. h5 Bf5 24. Bf3 Be4 25. Qe2 Rcd8 26. Bxe4
Qxe4 27. Qf3 Qh4 28. g6 hxg6 29. hxg6 fxg6 30. Qg2 Qh5 31. Qg4 Qf5 32. Qxf5
gxf5 33. Nf3 Bf6 34. Rcd3 Rd5 35. Rb3 R8d7 36. Rbd3 e5 37. R3d2 e4 38. Ne5
Bxe5 39. dxe5 Rxd2 40. Rxd2 Rxd2 41. Bxd2 Nxe5 42. Kf1 Kf7 43. Ke2 Ke6 44.
Bc3 g5 45. b3 Kd5 46. Ke3 f4+ 47. Ke2 b5 48. a4 bxa4 49. bxa4 g4 50. a5 Nd3
51. Bd2 Kd4 52. Kf1 e3 0-1

[Event "IsBank TCh-TUR"]
[Site "Konya TUR"]
[Date "2010.06.30"]
[Round "2"]
[White "Melia,S"]
[Black "Gaponenko,I"]
[Result "1/2-1/2"]
[WhiteElo "2466"]
[BlackElo "2465"]
[EventDate "2010.06.29"]

1. e4 c5 2. Nf3 d6 3. d4 cxd4 4. Qxd4 Nf6 5. Nc3 a6 6. e5 Nc6 7. Qa4 dxe5
8. Nxe5 Bd7 9. Nxd7 Qxd7 10. Be3 e6 11. a3 Be7 12. Rd1 Qc8 13. Be2 O-O 14.
O-O b5 15. Qf4 Rb8 16. Qg3 b4 17. Bh6 Ne8 18. axb4 Rxb4 19. Bc1 Nd4 20. Bd3
Nf6 21. Qh3 g6 22. Rfe1 Re8 23. Na2 Ra4 24. Nc3 Rb4 25. Na2 Ra4 26. Nc3 Rb4
1/2-1/2